00329nam a2200121 a 4500001000500000005001700005008004100022020001800063050002200081245002500103260005300128650002600181414420140414131846.0090317s19uu xx 00 eng d a1-59394-738-0 aM 220.9bJ69 2005 aJonah :bboard book. aChina :bBendon Publishing International,c2005. aBible Character, O.T.